| 000 | 00550nam a22001817a 4500 | ||
|---|---|---|---|
| 005 | 20170525114807.0 | ||
| 010 | _aENG-118397 | ||
| 020 |
_a9789385755743 _c299.00 |
||
| 035 | _aEN-101929 | ||
| 037 | _bDBAD/PUB | ||
| 082 | _a888.91403 | ||
| 100 | _aJon | ||
| 245 |
_aTwo under the indian sun _bA memoir / _cby Jon and Rumer Godden |
||
| 260 |
_aNew Delhi _bSpeaking Tiger Publishing _c2016 |
||
| 270 | _a4381/4, Ansari Road, Daryaganj, New Delhi-10002, India | ||
| 300 |
_a247p _c20cm.(pbk) |
||
| 942 |
_2ddc _cEN _h888.91403 _mJON |
||
| 999 |
_c140430 _d140430 |
||